000 00602nam a2200241Ia 4500
003 OSt
005 20221005051153.0
006 a|||||r|||| 00| 0
007 ta
008 221004b |||||||| |||| 00| 0 eng d
024 _a69234
037 _cTextual
040 _aCRL
_cCRL
_beng
041 _2eng
_aeng
082 _aV30a2, L3
100 _aHobbes J L
_9595712
245 0 _aLocal History and the library
260 _aLondon
_bAndre Deutch
_c1973
300 _a344p
_ccm.
650 _aHISTORY
942 _hV30a2, L3
_cTEXL
_2cc
999 _c958387
_d958387